Giáo trình tư tưởng Hồ Chí Minh : Dành cho sinh viên Đại học, Cao đẳng khối không chuyên ngành Mác - Lênin, tư tưởng Hồ Chí Minh

Na minha lista:
Detalhes bibliográficos
Formato: Sách
Idioma:Undetermined
Publicado em:  Chính trị Quốc gia sự thật  2018
Assuntos:
Tags: Adicionar Tag
Sem tags, seja o primeiro a adicionar uma tag!
Thư viện lưu trữ: Trung tâm Thư viện - Trường Đại học Công nghiệp TP. Hồ Chí Minh
LEADER 00609nam a2200133Ia 4500
001 UIH_02902
008 231011s9999 xx 000 0 und d
082 |a  335.4346 
245 0 |a  Giáo trình tư tưởng Hồ Chí Minh : Dành cho sinh viên Đại học, Cao đẳng khối không chuyên ngành Mác - Lênin, tư tưởng Hồ Chí Minh 
260 |b  Chính trị Quốc gia sự thật 
260 |c  2018 
650 |a  Tư tưởng Hồ Chí Minh;  
927 |a Sách 
980 |a Trung tâm Thư viện - Trường Đại học Công nghiệp TP. Hồ Chí Minh